Fictional Doctors - Statistics

General Stats
  • This quiz has been taken 41 times
  • The average score is 7 of 16
Answer Stats
Picture Answer % Correct
Dr. Strange
100%
Dr. Evil
85%
Dr. Doom
79%
Dr. Octopus
70%
Doc Brown
55%
Dr. Strangelove
55%
Dr. Nick
45%
Dr. Robotnik
39%
Dr. Frankenstein
36%
Dr. No
36%
Dr. Zaius
33%
Dr. Fate
30%
Dr. Caligari
21%
Dr. Kananga
18%
Dr. Benjamin Stone
12%
Dr. Daka
9%
No matching quizzes found
Score Distribution
Percent of People with Each Score
Percentile by Number Answered
Your Score History
You have not taken this quiz